Sports Quiz

Random Sports Quiz
Score 0/20 Timer 05:00
0 Plays Today
Hint Answer % Correct
At what age did Wayne Rooney make his professional debut?16
94.2%
Who won the 2019 FIFA Women's World Cup?USA
92.1%
Where do Chelsea FC play?Stamford Bridge
90.4%
With what club did Jose Mourinho win his first UEFA Champions League?Porto
89.4%
Who did Steven Gerrard play for after Liverpool?LA Galaxy
87%
Who won the men's 100m race at the 2016 Olympics?Usain Bolt
84%
Who is currently the manager of the Wales football team?Ryan Giggs
82.9%
Who won the inaugural FIFA World Cup?Uruguay
81.9%
What NBA team did Michael Jordan spend most of his career at?Chicago Bulls
81.2%
In what year did Ireland last play South Africa in rugby?2017
80.1%
Hint Answer % Correct
Who were Man United playing when Eric Cantona kicked a fan?Crystal Palace
77.2%
Who managed the Republic of Ireland at the 1990 FIFA World Cup?Jack Charlton
64.1%
In what year was the inaugural Rugby World Cup held?1987
59.3%
How many times did Jose Aldo defend the UFC Featherweight title? (Spell it out)Seven
59%
What Irish-born cricket player has captained England?Eoin Morgan
56.2%
Who are the current Gallagher Premiership Rugby champions?Exeter Chiefs
53.3%
Who are the current Super Bowl champions?Kansas City Chiefs
39.9%
Who did Cavan beat to win their first Ulster football title since 1997?Donegal
35.3%
Who captained the Springboks at the 1995 Rugby World Cup?Francois Pienaar
30.1%
Who did Mike Tyson beat to win his first world heavyweight title?Trevor Berbick
9%
Remove Ads.
Support Sporcle.
Get the best of Sporcle when you Go Orange. This ad-free experience offers more features, more stats, and more fun while also helping to support Sporcle. Thank you for becoming a member.

You're not logged in!

Compare scores with friends on all Sporcle quizzes.
OR
Log In

Show Comments

Extras

Created Nov 24, 2020ReportNominate
Tags:211, arena, challenge, Daily, pundit

Top Quizzes Today


Score Distribution

Your Account Isn't Verified!

In order to create a playlist on Sporcle, you need to verify the email address you used during registration. Go to your Sporcle Settings to finish the process.

Report this User

Report this user for behavior that violates our Community Guidelines.

Details: